[Event "ISR-ch U20"]
[Site "Ramat Hasharon"]
[Date "2023.08.08"]
[Round "8"]
[White "Medovoy, Yaniv"]
[Black "Kochavi, Dana"]
[Result "0-1"]
[WhiteElo "1994"]
[BlackElo "2032"]
[PlyCount "90"]
[EventDate "2023.08.02"]
[EventType "swiss"]
[EventRounds "9"]
[EventCountry "ISR"]
[SourceTitle "EXT 2024"]
[Source "ChessBase"]
[SourceDate "2023.10.10"]
[SourceVersion "1"]
[SourceVersionDate "2023.10.10"]
[SourceQuality "1"]

1. e4 c6 2. Nc3 d5 3. Nf3 dxe4 4. Nxe4 Nf6 5. Qe2 Nxe4 6. Qxe4 Be6 7. b3 Nd7 8. Bb2 Nf6 9. Qh4 Bf5 10. c4 e6 11. Be2 Be7 12. Qg5 h6 13. Qe3 0-0 14. 0-0 c5 15. d4 Qc7 16. Bd3 Ng4 17. Qd2 Bg5 18. Qc2 Bxd3 19. Qxd3 cxd4 20. h3 Ne5 21. Nxe5 Qxe5 22. Qxd4 Qxd4 23. Bxd4 Rfd8 24. Rad1 Be7 25. Be3 b6 26. g4 Kf8 27. Kg2 Rac8 28. Kf3 Ke8 29. Ke4 Bc5 30. f4 Bxe3 31. Kxe3 Ke7 32. Rd4 Rxd4 33. Kxd4 Rd8+ 34. Kc3 f6 35. Re1 g5 36. fxg5 hxg5 37. Re3 e5 38. Kb4 Ke6 39. Kb5 Rd7 40. b4 Rc7 41. a4 f5 42. gxf5+ Kxf5 43. c5 bxc5 44. bxc5 Kf4 45. c6 Kxe3 0-1

[Event "Rishon Le Ziyyon-ch U18"]
[Site "Rishon Le Ziyyon"]
[Date "2023.04.02"]
[Round "7"]
[White "Medovoy, Yaniv"]
[Black "Vagman, Roy"]
[Result "0-1"]
[WhiteElo "1887"]
[BlackElo "2298"]
[PlyCount "74"]
[EventDate "2023.03.28"]
[EventType "swiss"]
[EventRounds "9"]
[EventCountry "ISR"]
[SourceTitle "CBM 213 Extra"]
[Source "ChessBase"]
[SourceDate "2023.05.31"]
[SourceVersion "1"]
[SourceVersionDate "2023.05.31"]
[SourceQuality "1"]

1. e4 c5 2. Nc3 Nc6 3. Bb5 Nd4 4. Bc4 a6 5. a4 e6 6. Nge2 Nf6 7. 0-0 d5 8. exd5 exd5 9. Ba2 Bd6 10. d3 Ne6 11. d4 c4 12. b3 h5 13. h3 cxb3 14. Bxb3 Bb8 15. Qd3 g6 16. Qf3 0-0 17. g3 Kg7 18. Nxd5 Nxd5 19. Bxd5 Ng5 20. Bxg5 Qxg5 21. Bxb7 Bxb7 22. Qxb7 Ra7 23. Qf3 h4 24. c4 Re7 25. Ra3 Rfe8 26. Nf4 Re4 27. Nd5 Rxd4 28. Re3 Rf8 29. Nb6 hxg3 30. fxg3 Rf4 31. Qxf4 Bxf4 32. Rxf4 Qc5 33. Nd5 Re8 34. Kf2 Rb8 35. Kf3 Rb1 36. Kg4 Qc8+ 37. Kh4 Qh8+ 0-1

[Event "Ramat Gan op"]
[Site "Ramat Gan"]
[Date "2023.03.20"]
[Round "7"]
[White "Rozen, Guy"]
[Black "Medovoy, Yaniv"]
[Result "1/2-1/2"]
[WhiteElo "2027"]
[BlackElo "1842"]
[PlyCount "49"]
[EventDate "2023.01.16"]
[EventType "swiss"]
[EventRounds "7"]
[EventCountry "ISR"]
[SourceTitle "CBM 213 Extra"]
[Source "ChessBase"]
[SourceDate "2023.05.31"]
[SourceVersion "1"]
[SourceVersionDate "2023.05.31"]
[SourceQuality "1"]

1. d4 d5 2. c4 e6 3. Nc3 Bb4 4. a3 Bxc3+ 5. bxc3 c5 6. Nf3 Nf6 7. e3 0-0 8. Bd3 Nbd7 9. cxd5 exd5 10. 0-0 b6 11. c4 Bb7 12. Bb2 Rc8 13. cxd5 Nxd5 14. dxc5 bxc5 15. Bf5 Rb8 16. e4 N5f6 17. e5 Bxf3 18. Qxf3 Rxb2 19. exf6 Nxf6 20. Qc3 Qd4 21. Qf3 c4 22. Rad1 Qc5 23. Rc1 Rfb8 24. Bd3 R2b3 25. Qf4 1/2-1/2

[Event "ISR-chT U14"]
[Site "Afula"]
[Date "2022.08.21"]
[Round "2"]
[White "Medovoy, Yaniv"]
[Black "Moscovitch, Michal"]
[Result "1-0"]
[WhiteElo "1614"]
[BlackElo "1354"]
[PlyCount "127"]
[EventDate "2022.08.21"]
[EventType "team-tourn"]
[EventRounds "9"]
[EventCountry "ISR"]
[SourceTitle "CBM 210 Extra"]
[Source "ChessBase"]
[SourceDate "2022.11.30"]
[SourceVersion "1"]
[SourceVersionDate "2022.11.30"]
[SourceQuality "1"]

1. e4 c5 2. Nc3 Nc6 3. Bb5 Nd4 4. Nf3 a6 5. Bd3 g6 6. 0-0 Bg7 7. Re1 e6 8. e5 Nxf3+ 9. Qxf3 Qc7 10. Qe4 Ne7 11. b3 0-0 12. Bb2 f6 13. f4 Nc6 14. Nd1 b6 15. Nf2 Bb7 16. Qe3 Rae8 17. Ng4 f5 18. Nf2 Nb4 19. c3 Nd5 20. Qg3 Bh6 21. Nh3 Qc6 22. Rf1 Bg7 23. Be2 Qc7 24. d4 cxd4 25. Ba3 Nxc3 26. Qf2 Ra8 27. Bd6 Qd8 28. Bd3 Re8 29. Qxd4 Nd5 30. Ng5 Bf8 31. Bc4 b5 32. Bxd5 Bxd5 33. Rac1 Bxd6 34. exd6 Rf8 35. Rc7 h6 36. Nf3 Bxf3 37. Rxf3 Rc8 38. Rfc3 Rxc7 39. Rxc7 Rf7 40. Qc3 Kh7 41. Rc8 Qf6 42. Qxf6 Rxf6 43. Rc7 Rf7 44. Ra7 g5 45. g3 Kg6 46. Rxa6 Rf8 47. Ra7 Rd8 48. Rb7 Kh5 49. Rxb5 gxf4 50. gxf4 Kg4 51. Rb4 Ra8 52. a4 Ra6 53. Rd4 Rc6 54. b4 Kf3 55. Rd3+ Kxf4 56. b5 Rc1+ 57. Kg2 Ke4 58. Rb3 f4 59. b6 Rc2+ 60. Kh3 f3 61. Rb4+ Kd5 62. Rb5+ Kc6 63. b7 f2 64. Kg2 1-0